(One thousand eight hundred fifty seven)1857 and after : (Record no. 31623)
[ view plain ]
| 000 -LEADER | |
|---|---|
| fixed length control field | 01557cam a22003255a 4500 |
| 005 - DATE AND TIME OF LATEST TRANSACTION | |
| control field | 20091103014612.0 |
| 008 - FIXED-LENGTH DATA ELEMENTS--GENERAL INFORMATION | |
| fixed length control field | 090911s2009 ii ab b 100 0 eng d |
| 010 ## - LCCN (DPL NO) | |
| LC control number | ENG-95393 |
| 020 ## - INTERNATIONAL STANDARD BOOK NUMBER | |
| International Standard Book Number | 8185753946 |
| Terms of availability | 695.00 |
| 035 ## - SYSTEM CONTROL NUMBER | |
| System control number | EN-78926 |
| 037 ## - SOURCE OF ACQUISITION | |
| Source of stock number/acquisition | DBAD/PUB |
| 040 ## - CATALOGING SOURCE | |
| Original cataloging agency | DPL |
| Language of cataloging | eng |
| 082 ## - DEWEY DECIMAL CLASSIFICATION NUMBER | |
| Classification number | 891.4 |
| 111 ## - MAIN ENTRY--MEETING NAME | |
| Meeting name or jurisdiction name as entry element | International IACLALS Conference on 1857 and After: Colonialism, Violence, and Literature |
| Location of meeting | Dept. of English, Banaras Hindu University) |
| Date of meeting | (2007 |
| 9 (RLIN) | 1774 |
| 245 ## - TITLE STATEMENT | |
| Title | (One thousand eight hundred fifty seven)1857 and after : |
| Statement of responsibility, etc | edited by R. N. Rai, Anita Singh [and] Archana Kumar |
| Remainder of title | literary representations / |
| 260 ## - PUBLICATION, DISTRIBUTION, ETC. (IMPRINT) | |
| Place of publication, distribution, etc | New Delhi |
| Name of publisher, distributor, etc | Pencraft International |
| Date of publication, distribution, etc | 2009 |
| 270 ## - ADDRESS | |
| Address | 4262/3,. Ansari Road, Darya Ganj |
| City | New Delhi |
| Postal code | 110002 |
| 300 ## - PHYSICAL DESCRIPTION | |
| Extent | 267p.: |
| Dimensions | 22 cm. (Hb) |
| Other physical details | ill. |
| 500 ## - GENERAL NOTE | |
| General note | Includes bibliographical references and index. |
| 520 ## - SUMMARY, ETC. | |
| Summary, etc | Contributed articles. |
| 650 ## - SUBJECT ADDED ENTRY--TOPICAL TERM | |
| Topical term or geographic name as entry element | Indic literature |
| Chronological subdivision | 19th century |
| General subdivision | History and criticism |
| Form subdivision | Congresses. |
| 9 (RLIN) | 1765 |
| 650 ## - SUBJECT ADDED ENTRY--TOPICAL TERM | |
| Topical term or geographic name as entry element | Nationalism in literature |
| Form subdivision | Congresses. |
| 9 (RLIN) | 1766 |
| 651 ## - SUBJECT ADDED ENTRY--GEOGRAPHIC NAME | |
| Chronological subdivision | Sepoy Rebellion, 1857-1858 |
| General subdivision | Literature and the rebellion |
| Form subdivision | Congresses. |
| 9 (RLIN) | 1767 |
| 700 ## - ADDED ENTRY--PERSONAL NAME | |
| Personal name | Singh, Anita |
| Dates associated with a name | 1963- |
| 9 (RLIN) | 1768 |
| 700 ## - ADDED ENTRY--PERSONAL NAME | |
| Personal name | Archana Kumar |
| 9 (RLIN) | 1769 |
| 700 ## - ADDED ENTRY--PERSONAL NAME | |
| Personal name | Rai, Rama Nand. |
| 9 (RLIN) | 1775 |
| 942 ## - ADDED ENTRY ELEMENTS (KOHA) | |
| Source of classification or shelving scheme | Dewey Decimal Classification |
| Item type | English Books |
| Call number suffix | ONE |
| Classification part | 891.4 |
| Withdrawn status | Lost status | Source of classification or shelving scheme | Damaged status | Not for loan | Collection code | Home library | Current library | Date acquired | Source of acquisition | Cost, normal purchase price | Total Checkouts | Full call number | Barcode | Date last seen | Copy number | Cost, replacement price | Koha item type |
|---|---|---|---|---|---|---|---|---|---|---|---|---|---|---|---|---|---|
| Dewey Decimal Classification | Not For Loan | Non-fiction | D.B.Act.Division | D.B.Act.Division | 10/11/2009 | DBAD / PUB | 695.00 | 891.4 ONE | EN-78926 | 10/11/2009 | 1 | 695.00 | English Books |
